Score 0/39 Timer 08:00
0 Plays Today
Sport Movie % Correct
GolfHappy Gilmore
86.2%
BasketballSpace Jam
85.4%
BoxingMillion Dollar Baby
85.2%
BoxingAli
82.7%
BaseballMoneyball
82.3%
American FootballThe Blind Side
81.4%
GolfCaddyshack
80.2%
Ice HockeyThe Mighty Ducks
79.9%
SoccerBend It Like Beckham
79.7%
BaseballA League of Their Own
79.3%
WrestlingThe Wrestler
72.6%
BasketballWhite Men Can't Jump
69.7%
WrestlingNacho Libre
67.7%
BoxingThe Fighter
67.5%
GolfTin Cup
66.9%
American FootballRemember the Titans
66.9%
BaseballField of Dreams
66.8%
BaseballThe Natural
63.1%
BasketballHoosiers
62.3%
BoxingCreed
61.2%
Sport Movie % Correct
BoxingCinderella Man
60.2%
Auto RacingDays of Thunder
60%
BaseballBull Durham
59.3%
BasketballCoach Carter
57.2%
Ice HockeyMiracle
56.5%
American FootballAny Given Sunday
54.6%
American FootballThe Replacements
54.2%
American FootballFriday Night Lights
52.9%
Ice HockeySlap Shot
49.4%
Auto RacingTalladega Nights: The Ballad of Ricky Bobby
49%
GolfThe Legend of Bagger Vance
47%
SoccerShe's the Man
42.5%
BasketballSemi-Pro
40%
Auto RacingRush
38.5%
WrestlingFoxcatcher
35.8%
GolfThe Greatest Game Ever Played
28%
SoccerGreen Street Hooligans
22.5%
SoccerVictory
22.4%
SoccerThe Damned United
12.3%
Remove Ads.
Support Sporcle.
Get the best of Sporcle when you Go Orange. This ad-free experience offers more features, more stats, and more fun while also helping to support Sporcle. Thank you for becoming a member.

You're not logged in!

Compare scores with friends on all Sporcle quizzes.
OR
Log In

Show Comments

Extras

Top Quizzes Today


Score Distribution

Your Account Isn't Verified!

In order to create a playlist on Sporcle, you need to verify the email address you used during registration. Go to your Sporcle Settings to finish the process.

Report this User

Report this user for behavior that violates our Community Guidelines.

Details: